000 00713cam a2200241 4500500
005 20260405001824.0
041 _afre
042 _adc
100 1 0 _aPerragin, Charles
_eauthor
245 0 0 _aEmmanuel Macron : ministre hégélien malgré lui
260 _c2014.
500 _a94
690 _aEmmanuel Macron
690 _aÉtat
690 _aEtienne Balibar
690 _aGouvernement
690 _aHegel
690 _aintérêt général
690 _aParlementarisme
690 _aPaul Ricœur
786 0 _nPhilosophie magazine | 83 | 10 | 2014-10-01 | p. 9-9 | 1951-1787
856 4 1 _uhttps://shs.cairn.info/magazine-philosophie-magazine-2014-10-page-9?lang=fr&redirect-ssocas=7080
999 _c2051441
_d2051441